<?xml version="1.0" encoding="UTF-8"?><?xml-stylesheet type="text/xsl" href="static/style.xsl"?><OAI-PMH xmlns="http://www.openarchives.org/OAI/2.0/" xmlns:xsi="http://www.w3.org/2001/XMLSchema-instance" xsi:schemaLocation="http://www.openarchives.org/OAI/2.0/ http://www.openarchives.org/OAI/2.0/OAI-PMH.xsd"><responseDate>2026-04-17T05:14:26Z</responseDate><request verb="GetRecord" identifier="oai:www.recercat.cat:2445/217647" metadataPrefix="marc">https://recercat.cat/oai/request</request><GetRecord><record><header><identifier>oai:recercat.cat:2445/217647</identifier><datestamp>2025-12-04T22:29:39Z</datestamp><setSpec>com_2072_1057</setSpec><setSpec>col_2072_478917</setSpec><setSpec>col_2072_478931</setSpec></header><metadata><record xmlns="http://www.loc.gov/MARC21/slim" xmlns:dcterms="http://purl.org/dc/terms/" xmlns:xsi="http://www.w3.org/2001/XMLSchema-instance" xmlns:doc="http://www.lyncode.com/xoai" xsi:schemaLocation="http://www.loc.gov/MARC21/slim http://www.loc.gov/standards/marcxml/schema/MARC21slim.xsd">
   <leader>00925njm 22002777a 4500</leader>
   <datafield ind2=" " ind1=" " tag="042">
      <subfield code="a">dc</subfield>
   </datafield>
   <datafield ind2=" " ind1=" " tag="720">
      <subfield code="a">Macho García, Sergio</subfield>
      <subfield code="e">author</subfield>
   </datafield>
   <datafield ind2=" " ind1=" " tag="720">
      <subfield code="a">Andrés, Ana</subfield>
      <subfield code="e">author</subfield>
   </datafield>
   <datafield ind2=" " ind1=" " tag="720">
      <subfield code="a">Saldaña García, Carmina</subfield>
      <subfield code="e">author</subfield>
   </datafield>
   <datafield ind2=" " ind1=" " tag="260">
      <subfield code="c">2025-01-18T15:25:23Z</subfield>
   </datafield>
   <datafield ind2=" " ind1=" " tag="260">
      <subfield code="c">2025-01-18T15:25:23Z</subfield>
   </datafield>
   <datafield ind2=" " ind1=" " tag="260">
      <subfield code="c">2023-07-09</subfield>
   </datafield>
   <datafield ind2=" " ind1=" " tag="260">
      <subfield code="c">2025-01-18T15:25:23Z</subfield>
   </datafield>
   <datafield ind2=" " ind1=" " tag="520">
      <subfield code="a">Objective: This study aimed: (1) to compare psychological distress (PD) and body dissatisfaction (BD) in terms of BMI, weight bias internalization (WBI), and weight discrimination (current and past); (2) to assess the best predictor of PD and BD and&#xd;
assess the relationships with weight discrimination, BD, and WBI. Methods: The sample consisted of 1283 participants across all BMI categories, recruited through the internet voluntarily. People with obesity were the most predominant (26.1%). Experiences of weight-based discrimination were reported by participants across all BMI categories, and they were more prevalent in people with obesity. Results: People with obesity, those with WBI, and those who faced current and past&#xd;
weight discrimination reported higher PD and higher BD. However, WBI was the&#xd;
best predictor after controlling for BMI, WBI, and current and past weight discrimination. Mediation analyses revealed that the relationship between weight discrimination and BD through WBI was significant, as was the relationship between weight discrimination and WBI through BD. Conclusions: These results stressed the importance of WBI in PD and the role of weight discrimination in WBI and BD. Hence, there is a need to better understand how WBI is formed and to design effective interventions to reduce it.</subfield>
   </datafield>
   <datafield tag="653" ind2=" " ind1=" ">
      <subfield code="a">Obesitat</subfield>
   </datafield>
   <datafield tag="653" ind2=" " ind1=" ">
      <subfield code="a">Discriminació</subfield>
   </datafield>
   <datafield tag="653" ind2=" " ind1=" ">
      <subfield code="a">Cos humà</subfield>
   </datafield>
   <datafield tag="653" ind2=" " ind1=" ">
      <subfield code="a">Obesity</subfield>
   </datafield>
   <datafield tag="653" ind2=" " ind1=" ">
      <subfield code="a">Discrimination</subfield>
   </datafield>
   <datafield tag="653" ind2=" " ind1=" ">
      <subfield code="a">Human body</subfield>
   </datafield>
   <datafield ind2="0" ind1="0" tag="245">
      <subfield code="a">Weight discrimination, BMI, or weight bias internalization? Testing the best predictor of psychological distress and body dissatisfaction</subfield>
   </datafield>
</record></metadata></record></GetRecord></OAI-PMH>